000 00722nam a2200229Ii 4500
003 JO-AjNU
008 230605s9999||||xx |||||||||||||| ||und||
017 _a2005/1/177
020 _a9957-18-057-6
040 _aJO-AjNU
_bara
_erda
_cJO-AjNU
041 _aara
050 1 4 _aPJ6071.T356 2005
100 3 _aتاليف التميمي، مهدي حسين,
_eauthor
_924031
245 0 0 _aأساسيات في اقتصاد اللغة العربية
250 _aط1
264 3 1 _aعمان: دار المناهج، 2004
300 _a142ص
336 _atext
_btxt
_2rdacontent
337 _aunmediated
_bn
_2rdamedia
338 _avolume
_bnc
_2rdacarrier
650 4 _aاللغة العربية-فقة اللغة
_924032
999 _aA8786
_c12354
_d12354